| 000 | 00590nam a22001937a 4500 | ||
|---|---|---|---|
| 003 | KOHA_MİRAKIL | ||
| 005 | 20251224143828.0 | ||
| 008 | 251224b tu ||||| |||| 00| 0 tur d | ||
| 020 | _a9786258352948 | ||
| 040 |
_aTR-AnABB _btur _cTR-AnABB |
||
| 041 | _atur | ||
| 082 |
_a509.17671 _b SEZ 2024 |
||
| 100 | 1 | _aSezgin, Mehmet Fuat, | |
| 245 | 1 | 0 |
_aThe İstanbul museum for the history of science and technology in İslam / _cMehmet Fuat Sezgin |
| 260 |
_aAnkara : _bTürkiye Bilimler Akademisi, _c2024 |
||
| 300 |
_a212 sayfa ; _c24 cm |
||
| 650 | 0 | 4 | _aBilim |
| 942 |
_2ddc _cBK |
||
| 999 |
_c9930 _d9930 |
||
| 900 | _bGizem YORULMAZ | ||